000 00555nam a22001217a 4500
008 110613t xxu||||| |||| 00| 0 eng d
010 _aCACAF39
245 _aCourt of Appeal Criminal Appeal No. 23 OF 1996 Katunda Justus Vs Uganda
260 _c1996
500 _aCoram: Hon. Justice Manyindo, DCJ., Hon. Justice Mukasa-Kikonyogo, J., & Hon. Justice Lugayizi, J
500 _aArising from Cr. Ses. Case No. 274/95 by Hon. Justice Engoda-Ntende dated 8/1/96
999 _c2785
_d2785